[Event "Penang op 4th"]
[Site "Penang"]
[Date "2012.12.14"]
[Round "8"]
[White "Limono, Handjojo"]
[Black "Lum, Zhun Hoong"]
[Result "1/2-1/2"]
[WhiteElo "1906"]
[BlackElo "1740"]
[PlyCount "112"]
[EventDate "2012.12.11"]
[EventType "swiss"]
[EventRounds "9"]
[EventCountry "MAS"]
[SourceTitle "EXT 2014"]
[Source "ChessBase"]
[SourceDate "2013.11.20"]
[SourceVersion "1"]
[SourceVersionDate "2013.11.20"]
[SourceQuality "1"]

1. c4 Nf6 2. g3 g6 3. Bg2 Bg7 4. Nf3 0-0 5. 0-0 c5 6. Nc3 Nc6 7. d4 cxd4 8. Nxd4 Nxd4 9. Qxd4 d6 10. Qh4 Re8 11. Rd1 Qa5 12. Bf3 Rb8 13. Bd2 a6 14. Nd5 Qd8 15. Rab1 Nxd5 16. cxd5 Bd7 17. Bh6 Qa5 18. Bxg7 Kxg7 19. Qd4+ Kg8 20. a3 Rbc8 21. Rbc1 Rxc1 22. Rxc1 Rc8 23. Rxc8+ Bxc8 24. Kg2 Qc5 25. Qh4 f6 26. b4 Qc3 27. a4 b6 28. Qe4 Kf7 29. h4 h5 30. Qf4 Bd7 31. Qh6 Qc2 32. a5 bxa5 33. bxa5 Bf5 34. Qh7+ Kf8 35. Qh8+ Kf7 36. Qd8 Be4 37. Qb6 Bxf3+ 38. exf3 Qd3 39. Qc6 g5 40. hxg5 fxg5 41. Qc8 Qxd5 42. Qxa6 g4 43. Qe2 Qxa5 44. fxg4 hxg4 45. Qxg4 Qd5+ 46. Qf3+ Ke6 47. g4 Qxf3+ 48. Kxf3 Kf6 49. Ke4 e6 50. f4 Kg6 51. Kd4 Kf6 52. Kc4 Kg6 53. Kb5 Kf6 54. Kc6 e5 55. g5+ Kf5 56. fxe5 dxe5 1/2-1/2

[Event "Penang op 4th"]
[Site "Penang"]
[Date "2012.12.13"]
[Round "5"]
[White "Nguyen, Van Hai"]
[Black "Limono, Handjojo"]
[Result "1-0"]
[WhiteElo "2356"]
[BlackElo "1906"]
[PlyCount "109"]
[EventDate "2012.12.11"]
[EventType "swiss"]
[EventRounds "9"]
[EventCountry "MAS"]
[SourceTitle "EXT 2014"]
[Source "ChessBase"]
[SourceDate "2013.11.20"]
[SourceVersion "1"]
[SourceVersionDate "2013.11.20"]
[SourceQuality "1"]

1. d4 d5 2. Nf3 c6 3. c4 Nf6 4. g3 Bf5 5. Bg2 e6 6. 0-0 dxc4 7. Ne5 Be7 8. Nc3 0-0 9. Nxc4 Nbd7 10. e4 Bg6 11. Qe2 Nb6 12. Rd1 Nxc4 13. Qxc4 Qb6 14. f3 Rfd8 15. Be3 Rd7 16. Qe2 Qa5 17. a3 Qd8 18. Rac1 h6 19. Na4 Qf8 20. b4 Rad8 21. Nc5 Bxc5 22. dxc5 Qe7 23. Bf1 a6 24. Qc2 Nd5 25. Bf2 Qg5 26. Qb3 Nc7 27. Rxd7 Rxd7 28. Be3 Qd8 29. a4 Kh7 30. Bf4 Ne8 31. Be2 Kg8 32. Kf2 Kf8 33. Rc2 Qf6 34. Qc3 Qxc3 35. Rxc3 Ke7 36. b5 axb5 37. axb5 f6 38. b6 e5 39. Be3 Bf7 40. f4 g5 41. h4 gxh4 42. gxh4 exf4 43. Bxf4 h5 44. Ra3 Bg6 45. Ke3 Ng7 46. Bd6+ Kf7 47. Bc4+ Ke8 48. Kf4 Bh7 49. Ra8+ Rd8 50. Ra7 Rd7 51. Bb3 Bg6 52. Bg8 f5 53. e5 Bf7 54. Ra8+ Rd8 55. Rxd8+ 1-0

[Event "Kuala Lumpur op 8th"]
[Site "Kuala Lumpur"]
[Date "2011.08.23"]
[Round "8"]
[White "Limono, Handjojo"]
[Black "Cai, Jiaying"]
[Result "0-1"]
[WhiteElo "1916"]
[BlackElo "2094"]
[PlyCount "108"]
[EventDate "2011.08.18"]
[EventType "swiss"]
[EventRounds "9"]
[EventCountry "MAS"]
[SourceTitle "CBM 144 Extra"]
[Source "ChessBase"]
[SourceDate "2011.10.28"]
[SourceVersion "1"]
[SourceVersionDate "2011.10.28"]
[SourceQuality "1"]

1. c4 c6 2. Nc3 d5 3. d4 Nf6 4. e3 e6 5. Nf3 Nbd7 6. Bd3 Bd6 7. 0-0 0-0 8. b3 Qe7 9. Bb2 dxc4 10. bxc4 e5 11. Ng5 Bc7 12. Qc2 h6 13. Nf3 Re8 14. Ne4 exd4 15. Nxf6+ Nxf6 16. exd4 Ba5 17. Ne5 Ng4 18. Nf3 Be6 19. Bc3 Bxc3 20. Qxc3 Rad8 21. h3 Nf6 22. Rfe1 Qc7 23. Re5 Bc8 24. Rae1 Rxe5 25. Rxe5 b6 26. Qe1 Be6 27. a4 Nd7 28. Re3 Nf6 29. Re5 Nd7 30. Re3 a6 31. Qe2 Qd6 32. Qb2 Rb8 33. Nd2 b5 34. axb5 axb5 35. Ne4 Qc7 36. cxb5 cxb5 37. Bxb5 Qb6 38. Nc3 Bc4 39. Re7 Nf6 40. Re5 Qxd4 41. Rf5 Rxb5 42. Rxb5 Bxb5 43. Qxb5 Qxc3 44. Qb8+ Kh7 45. Qb1+ g6 46. g3 Qd4 47. Qa2 Kg7 48. Qe2 Ne4 49. Kg2 Kf6 50. Qf3+ Ke7 51. Qa3+ Qc5 52. Qf3 Qd5 53. Kh2 Qf5 54. Qe3 Qxf2+ 0-1

[Event "Kuala Lumpur op 8th"]
[Site "Kuala Lumpur"]
[Date "2011.08.18"]
[Round "1"]
[White "Limono, Handjojo"]
[Black "Jia, Haoxiang"]
[Result "0-1"]
[WhiteElo "1916"]
[BlackElo "2369"]
[PlyCount "86"]
[EventDate "2011.08.18"]
[EventType "swiss"]
[EventRounds "9"]
[EventCountry "MAS"]
[SourceTitle "CBM 144 Extra"]
[Source "ChessBase"]
[SourceDate "2011.10.28"]
[SourceVersion "1"]
[SourceVersionDate "2011.10.28"]
[SourceQuality "1"]

1. c4 Nf6 2. Nc3 c5 3. Nf3 b6 4. g3 Bb7 5. Bg2 e6 6. d3 Be7 7. 0-0 0-0 8. e4 d6 9. Rb1 Nc6 10. a3 a5 11. Bf4 Ne8 12. Qb3 Rb8 13. Rbd1 Bf6 14. Nb5 g5 15. Bd2 g4 16. Ne1 Nc7 17. Nxc7 Qxc7 18. Nc2 Nd4 19. Nxd4 Bxd4 20. Bc3 e5 21. Bxd4 cxd4 22. f4 gxf3 23. Rxf3 Bc8 24. Rdf1 b5 25. Qc2 bxc4 26. Qc1 f6 27. Rxf6 Rxf6 28. Rxf6 c3 29. bxc3 dxc3 30. Rf2 Ba6 31. Bf1 Kh8 32. Qh6 Qe7 33. Rc2 Rf8 34. Qe3 Qf7 35. Bh3 Qb3 36. Rf2 Rxf2 37. Qxf2 Kg7 38. Qe3 h6 39. Qa7+ Qb7 40. Qe3 Qb1+ 41. Bf1 c2 42. Qa7+ Bb7 43. Qb8 c1Q 0-1

[Event "Kuala Lumpur op 7th"]
[Site "Kuala Lumpur"]
[Date "2010.09.04"]
[Round "5"]
[White "Ismail, Ahmad"]
[Black "Limono, Handjojo"]
[Result "1-0"]
[WhiteElo "1996"]
[BlackElo "1898"]
[PlyCount "93"]
[EventDate "2010.09.01"]
[EventType "swiss"]
[EventRounds "9"]
[EventCountry "MAS"]
[SourceTitle "CBM 138 Extra"]
[Source "ChessBase"]
[SourceDate "2010.10.29"]
[SourceVersion "1"]
[SourceVersionDate "2010.10.29"]
[SourceQuality "1"]

1. d4 d5 2. Bg5 h6 3. Bh4 Bf5 4. e3 Nd7 5. Bd3 Bxd3 6. Qxd3 Ngf6 7. Bxf6 Nxf6 8. Qb5+ c6 9. Qxb7 Qc8 10. Qxc8+ Rxc8 11. Nd2 e6 12. Ngf3 Bd6 13. Ke2 c5 14. dxc5 Rxc5 15. c3 Ke7 16. Nb3 Rc7 17. Nfd4 Rb8 18. Rab1 Rb6 19. Rhc1 Ng4 20. h3 Ne5 21. Na5 Nc4 22. Nxc4 dxc4 23. Rd1 a5 24. a4 Be5 25. Nb5 Rd7 26. Rxd7+ Kxd7 27. f4 Bb8 28. Rd1+ Ke7 29. Rd4 Rc6 30. Na3 e5 31. fxe5 Bxe5 32. Rxc4 Rg6 33. g4 h5 34. Re4 f6 35. Nc4 Rg5 36. Nxa5 hxg4 37. hxg4 Kf7 38. Nc4 Bc7 39. b4 Rd5 40. Rd4 Ke6 41. e4 Rg5 42. Kf3 Rg6 43. Rd5 Rh6 44. Rh5 Rg6 45. b5 Kd7 46. b6 Bb8 47. Rh8 1-0

[Event "Kuala Lumpur op 7th"]
[Site "Kuala Lumpur"]
[Date "2010.09.04"]
[Round "6"]
[White "Tan, Khai Boon"]
[Black "Limono, Handjojo"]
[Result "1-0"]
[WhiteElo "2160"]
[BlackElo "1898"]
[PlyCount "99"]
[EventDate "2010.09.01"]
[EventType "swiss"]
[EventRounds "9"]
[EventCountry "MAS"]
[SourceTitle "CBM 138 Extra"]
[Source "ChessBase"]
[SourceDate "2010.10.29"]
[SourceVersion "1"]
[SourceVersionDate "2010.10.29"]
[SourceQuality "1"]

1. d4 Nf6 2. c4 e6 3. Nf3 c5 4. d5 exd5 5. cxd5 d6 6. Nc3 g6 7. e4 Bg7 8. Bd3 0-0 9. 0-0 Re8 10. Re1 Bg4 11. Qb3 b6 12. Nd2 a6 13. a4 Ra7 14. f4 Bc8 15. Nf3 Rae7 16. Bd2 Ng4 17. h3 Nh6 18. Re2 Kh8 19. Be1 Nd7 20. Bh4 Bf6 21. Bg3 Qc7 22. Bh2 Bg7 23. Rae1 f6 24. g4 Nf7 25. Nh4 Bb7 26. Ng2 Bc8 27. Ne3 Qa7 28. Kf1 Qb8 29. Bg3 Nd8 30. h4 Nf7 31. Rh2 Kg8 32. h5 Nf8 33. hxg6 hxg6 34. Kf2 Qc7 35. Reh1 Qa7 36. Kf3 Rb7 37. Qc2 Bd7 38. e5 dxe5 39. Bxg6 exf4 40. Bh7+ Nxh7 41. Qxh7+ Kf8 42. Bxf4 Ng5+ 43. Bxg5 fxg5 44. Rf2 Re7 45. Kg2+ Rf7 46. Rxf7+ Kxf7 47. Rf1+ Ke7 48. Qxg7+ Kd8 49. Qxg5+ Kc7 50. Qe5+ 1-0

[Event "Kuala Lumpur op 7th"]
[Site "Kuala Lumpur"]
[Date "2010.09.03"]
[Round "4"]
[White "Limono, Handjojo"]
[Black "Rian, Kapriaga"]
[Result "0-1"]
[WhiteElo "1898"]
[BlackElo "2096"]
[PlyCount "45"]
[EventDate "2010.09.01"]
[EventType "swiss"]
[EventRounds "9"]
[EventCountry "MAS"]
[SourceTitle "CBM 138 Extra"]
[Source "ChessBase"]
[SourceDate "2010.10.29"]
[SourceVersion "1"]
[SourceVersionDate "2010.10.29"]
[SourceQuality "1"]

1. Nf3 c5 2. g3 e6 3. Bg2 Nc6 4. c4 f5 5. 0-0 Nf6 6. d4 cxd4 7. Nxd4 Be7 8. Nc3 0-0 9. e4 fxe4 10. Nxe4 Nxe4 11. Bxe4 Qb6 12. Nxc6 bxc6 13. Qc2 h6 14. Be3 Bc5 15. Bxc5 Qxc5 16. Rac1 Rf6 17. Qd2 Rb8 18. b3 a5 19. Rc2 d6 20. Rd1 e5 21. Qe2 Rb7 22. Rcd2 Kf8 23. Qf1 0-1